000 00466nam a2200181Ia 4500
005 20250326142421.0
008 250326s9999 xx 000 0 und d
037 _aTextbook
040 _aFMSL
_beng
_cFMSL
041 _aeng
_2eng
084 _qFMSL
100 _aWorld Bank
245 0 _aEconomic development in India
_cWorld Bank
260 _aWashington
_bWashington, The World Bank
_c1995
300 _a233p
942 _cTB
999 _c1294922
_d1294922